| 000 | 00445nam a2200169 a 4500 | ||
|---|---|---|---|
| 001 | 0000-8958 | ||
| 003 | ELIB.Books | ||
| 008 | 110520 1963 | ||
| 035 | _a(ELIB.Books)0000-9107 | ||
| 082 |
_a230 _bRus |
||
| 100 | _aRust, Eric C | ||
| 245 | _aTowards a Theological Understanding of History | ||
| 260 |
_bNew York: Oxford University Press _c1963 |
||
| 650 | _aTheology | ||
| 942 |
_2ddc _cBK |
||
| 998 |
_cbat _e2011-05-20 |
||
| 999 |
_c8958 _d8958 |
||